000 00536nam a22002057a 4500
005 20260515114938.0
008 230125b ||||| |||| 00| 0 eng d
040 _aIN-DiNC
_cIN-DiNC
041 _deng
082 _a320.5
_bDAS
100 _aDash, Dipak Kumar
_eauthor
245 _aModern political philosophy/
_cby Dipak Kumar Dash
260 _aLudhiana:
_bKalyani publishers,
_c2022.
300 _a192p.
650 _aModernity
650 _aLiberal socialist
650 _aRomantics
650 _aRadicals
942 _2ddc
_cBK
999 _c11466
_d11466